Grid-Connected PV Plants (Record no. 25879)

MARC details
000 -LEADER
fixed length control field 01116nam a2200121Ia 4500
008 - FIXED-LENGTH DATA ELEMENTS--GENERAL INFORMATION
fixed length control field 220620s9999||||xx |||||||||||||| ||und||
245 #0 - TITLE STATEMENT
Title Grid-Connected PV Plants
546 ## - LANGUAGE NOTE
Language note English[eng]
650 ## - SUBJECT ADDED ENTRY--TOPICAL TERM
Topical term or geographic name entry element incident solar radiation||PV output power modelling||tilt angle||orientation||rooftop solar||PV generator||power ramping||battery energy storage||duck curve||hybrid dc/ac grids||alienation coefficient||hybrid power system network||protection||power system fault||solar energy||wind energy||Wigner distribution function||ancillary service||PV Plant||frequency-assisting||hardware-in-the-loop||Photovoltaic||DER||energy policies related to PV power plants||economic analyses||monitoring and case studies||distribution network||hierarchical voltage control||reactive power control||RES||SVR||PV||optimal design||photovoltaic power plants||hybrid optimisation||LCOE||PV module reduction||photovoltaic systems||synchronization systems||phase-locked loops||islanding detection methods
700 ## - ADDED ENTRY--PERSONAL NAME
Personal name Molina-García, Ángel||Mastromauro, Rosa Anna
856 ## - ELECTRONIC LOCATION AND ACCESS
Uniform Resource Identifier <a href="https://mdpi.com/books/pdfview/book/2761">https://mdpi.com/books/pdfview/book/2761</a>
942 ## - ADDED ENTRY ELEMENTS (KOHA)
Koha item type E-Books
Holdings
Withdrawn status Lost status Damaged status Not for loan Home library Current library Date acquired Total Checkouts Date last seen Price effective from Koha item type
        Kerala University of Digital Sciences, Innovation and Technology Knowledge Centre Kerala University of Digital Sciences, Innovation and Technology Knowledge Centre 20/06/2022   20/06/2022 20/06/2022 E-Books